000 00633cam a2200229 4500
001 J3651
008 090401t1996 xxu||||| |||| 00| 0 eng d
035 _a(Sirsi) u56253
041 _aeng
050 _a711.552
110 _aHillier Parker Research
_92002
245 _aRetail warehouse parks in the pipeline. - April 1996 - September 1996
260 _alondon
_bHillier Parker
_c1996
300 _a2 pt. ; 30cm.
350 _a0
650 _aDEVELOPMENT
650 _aRETAIL WAREHOUSE PARKS
650 _aRETAIL WAREHOUSES
690 _aPROPERTY-COMMERCIAL PROPERTY-RETAIL PROPERTY
942 _n0
948 _c04/03/1997
999 _c93755
_d93755